| 000 | 00572cam a22001815a 4500 | ||
|---|---|---|---|
| 001 | L155479 | ||
| 008 | 120326s1807 xxk f 000 0 eng d | ||
| 035 | _a(Sirsi) u155479 | ||
| 041 | 0 | _aeng | |
| 100 | 1 |
_aBaily, Francis _d1774-1844 |
|
| 245 | 0 | 0 | _aTables for the purchasing and renewing of leases ... The second edition |
| 260 |
_aLondon _bsold by W. J. & J. Richardson _c1807 |
||
| 300 |
_axx, 127 p. _c8o, 24 cm. |
||
| 583 |
_aCondition reviewed _c20120620 _lcondition level 1 |
||
| 651 | 4 |
_aGreat Britain _y1707- |
|
| 690 |
_aLandlord and tenant _96252 |
||
| 942 | _n0 | ||
| 999 |
_c113592 _d113592 |
||